000 02468nam a22003377a 4500
999 _c59378
_d59378
003 Ge_BSU
005 20230201114946.0
008 230201s2011 ge ||||| |||| 00| 0 geo d
020 _a9789941030109
041 _ageo
080 _a341.231.14 : 342.726-056.24(479.22)+ 614.253.83(479.22) ა-26
245 _aადამიანის უფლებები ჯანმრთელობის დაცვის სფეროში - საქართველო :
_b პრაქტიკული სახელმძღვანელო იურისტებისთვის /
_c[ავტ.: კახაბერ ასლანიშვილი, მამუკა ჯიბუტი, ალექსანდრე იმედაშვილი [და სხვ.] ; რედ. მარინა დეკანოიძე ; წინათქმა ანანდ გროვერი].
264 _a[თბილისი] :
_b ფონდი ღია საზოგადოება საქართველო,
_c[2011].
300 _a252 გვ. :
_b ცხრ. ;
_c28 სმ.
500 _aფოტო ყდაზე: რობერტ ლიზაკი
501 _aტერმინთა საძ.: გვ. 247-252.
504 _aბიბლიოგრ. ტექსტ. შენიშვნ.
653 _aადამიანის ძირითადი უფლებები საქართველოში
653 _aპაციენტის უფლებები საქართველოში
653 _aსამართალი
700 _aასლანიშვილი, კახაბერ
_eავტორი
_916841
700 _aჯიბუტი, მამუკა
_eავტორი
_916842
700 _aიმედაშვილი, ალექსანდრე
_eავტორი
_916843
700 _aჯავაშვილი, გივი
_eავტორი
_916844
700 _aკიკნაძე, ნინო
_eავტორი
_93896
700 _aმეიშვილი, ზაზა
_eავტორი
_916845
700 _aმირზიკაშვილი, ნინო
_eავტორი
_916846
700 _aდეკანოიძე, მარინა
_eრედაქტორი
_916847
700 _aგროვერი, ანანდ
_eწინათქმა
_916848
942 _2udc
_cBK